Introduction to Nuclear and Particle Physics : Solutions Manual for Second Edition
Salvato in:
| Autori principali: | , , |
|---|---|
| Natura: | Libro |
| Lingua: | inglese |
| Pubblicazione: |
New Jersey :
World Scientific,
2006
|
| Soggetti: | |
| Tags: |
Nessun Tag, puoi essere il primo ad aggiungerne!!
|
MARC
| LEADER | 00000nam a22000003a 4500 | ||
|---|---|---|---|
| 001 | stu176643 | ||
| 005 | 20150617225609.2 | ||
| 008 | 081202s1988----xxu-----------------eng-d | ||
| 020 | |a 981-256-744-5 | ||
| 040 | |a STU |b slo | ||
| 041 | 0 | |a eng | |
| 044 | |a xxu | ||
| 080 | |a 539.1 | ||
| 100 | 1 | |a Bromberg, C. |4 aut | |
| 245 | 1 | |a Introduction to Nuclear and Particle Physics : |b Solutions Manual for Second Edition | |
| 260 | |a New Jersey : |b World Scientific, |c 2006 | ||
| 300 | |a 172 s | ||
| 650 | 7 | |a nukleárna fyzika |2 stusub | |
| 650 | 7 | |a atómová fyzika |2 stusub | |
| 650 | 7 | |a elementárne častice |2 stusub | |
| 700 | 1 | |a Das, A. |4 aut | |
| 700 | 1 | |a Ferbel, T. |4 aut | |
| 996 | |b 284EK87772 |c E*87772 |l EE10 |s P |a 0 |w stu176643_0001 | ||